R18クイズ - Statistics

General Stats
  • This quiz has been taken 5 times
  • The average score is 5 of 10
Answer Stats
Hint Answer % Correct
起点となる県 群馬
100%
起点となる市 高崎
100%
終点となる県 新潟
100%
終点となる市 上越
80%
並行する高速道路 上信越自動車道
80%
県境区間のバイパス 碓氷バイパス
60%
起点となる交差点 君が代橋東
0%
終点となる交差点 下源入
0%
県境区間のバイパス 妙高野尻バイパス
0%
総延長/実延長(km) 233.2
0%
No matching quizzes found
Score Distribution
Percent of People with Each Score
Percentile by Number Answered
Your Score History
You have not taken this quiz